Govt. of
Madhya Pradesh

cameos of Literature From Standad Authors (Record no. 37738)

MARC details
000 -LEADER
fixed length control field 003180000a22001330004500
003 - CONTROL NUMBER IDENTIFIER
control field MACL
040 ## - CATALOGING SOURCE
Original cataloging agency MACL
090 ## - LOCALLY ASSIGNED LC-TYPE CALL NUMBER (OCLC); LOCAL CALL NUMBER (RLIN)
-- 38146
-- 38144
100 ## - MAIN ENTRY--PERSONAL NAME
Personal name Valentine
245 ## - TITLE STATEMENT
Title cameos of Literature From Standad Authors
260 ## - PUBLICATION, DISTRIBUTION, ETC. (IMPRINT)
Name of publisher, distributor, etc. Frederick Warne And Co.
Date of publication, distribution, etc. 1894
650 ## - SUBJECT ADDED ENTRY--TOPICAL TERM
Topical term or geographic name as entry element Rhetoric Collection
942 ## - ADDED ENTRY ELEMENTS (KOHA)
Koha item type Library Membar
Call number prefix 808/VAL
Holdings
Withdrawn status Lost status Source of classification or shelving scheme Damaged status Not for loan Home library Current library Date acquired Total Checkouts Full call number Barcode Date last seen Uniform Resource Identifier Price effective from Koha item type
          MACL MACL 15/04/2015   808/VAL BOOK CLE002339 29/04/2015 37952 15/04/2015 Books